把光照進看不到的地方 : (Record no. 7693)
[ view plain ]
| 000 -LEADER | |
|---|---|
| fixed length control field | 01302cam a2200337 ib4500 |
| 001 - CONTROL NUMBER | |
| control field | 2471314 |
| 003 - CONTROL NUMBER IDENTIFIER | |
| control field | YEEZEN |
| 005 - DATE AND TIME OF LATEST TRANSACTION | |
| control field | 20260202145848.0 |
| 008 - FIXED-LENGTH DATA ELEMENTS--GENERAL INFORMATION | |
| fixed length control field | 241203s2024 ch a g 000 0 chi d |
| 020 ## - INTERNATIONAL STANDARD BOOK NUMBER | |
| International Standard Book Number | 9786269852871 |
| Qualifying information | (平裝) : |
| Terms of availability | NT$450 |
| 040 ## - CATALOGING SOURCE | |
| Original cataloging agency | TCPL |
| Language of cataloging | chi |
| Transcribing agency | TCPL |
| Modifying agency | TCPL |
| Description conventions | ccr |
| 042 ## - AUTHENTICATION CODE | |
| Authentication code | nbic |
| 084 ## - OTHER CLASSIFICATION NUMBER | |
| Classification number | 068.33 |
| Number source | ncsclt |
| 090 ## - LOCALLY ASSIGNED LC-TYPE CALL NUMBER (OCLC); LOCAL CALL NUMBER (RLIN) | |
| Classification number (OCLC) (R) ; Classification number, CALL (RLIN) (NR) | 068.33 |
| 100 1# - MAIN ENTRY--PERSONAL NAME | |
| Personal name | 謝其濬 |
| 245 10 - TITLE STATEMENT | |
| Title | 把光照進看不到的地方 : |
| Remainder of title | 超人醫師徐超斌 x 南迴基金會以行動醫療點亮偏鄉 / |
| Statement of responsibility, etc. | 謝其濬採訪整理 ; 醫療財團法人南迴基金會, 徐超斌總策劃 |
| 246 30 - VARYING FORM OF TITLE | |
| Title proper/short title | 超人醫師徐超斌 x 南迴基金會以行動醫療點亮偏鄉 |
| 250 ## - EDITION STATEMENT | |
| Edition statement | 初版 |
| 260 ## - PUBLICATION, DISTRIBUTION, ETC. | |
| Place of publication, distribution, etc. | 新北市新店區 : |
| Name of publisher, distributor, etc. | 發光體文化出版 : |
| -- | 遠足文化發行, |
| Date of publication, distribution, etc. | 2024.09 |
| 300 ## - PHYSICAL DESCRIPTION | |
| Extent | 231面 : |
| Other physical details | 部分彩圖 ; |
| Dimensions | 23公分 |
| 490 1# - SERIES STATEMENT | |
| Series statement | 點亮未來 ; |
| Volume/sequential designation | 04. |
| 500 ## - GENERAL NOTE | |
| General note | 附錄 : 1, 南迴基金會大事記.-- 2, 愛心捐款-為偏鄉打造醫療堡壘, 點亮健康希望.-- 3, 南迴基金會公益影片 |
| 610 27 - SUBJECT ADDED ENTRY--CORPORATE NAME | |
| Corporate name or jurisdiction name as entry element | 南迴基金會 |
| Source of heading or term | lcstt. |
| 650 #7 - SUBJECT ADDED ENTRY--TOPICAL TERM | |
| Topical term or geographic name entry element | 醫療社會工作 |
| Source of heading or term | lcstt. |
| 650 #7 - SUBJECT ADDED ENTRY--TOPICAL TERM | |
| Topical term or geographic name entry element | 遠距醫療 |
| Source of heading or term | lcstt. |
| 650 #7 - SUBJECT ADDED ENTRY--TOPICAL TERM | |
| Topical term or geographic name entry element | 醫療救濟 |
| Source of heading or term | lcstt. |
| 700 1# - ADDED ENTRY--PERSONAL NAME | |
| Personal name | 徐超斌 |
| 710 2# - ADDED ENTRY--CORPORATE NAME | |
| Corporate name or jurisdiction name as entry element | 醫療財團法人南迴基金會 |
| 830 #0 - SERIES ADDED ENTRY--UNIFORM TITLE | |
| Uniform title | 點亮未來 ; |
| Volume/sequential designation | 04. |
| 942 ## - ADDED ENTRY ELEMENTS (KOHA) | |
| Source of classification or shelving scheme | 中文圖書分類法 |
| Koha item type | 一般圖書 |
| 撤銷狀態 | 遺失狀態 | 分類號來源 | 損壞狀態 | 不外借 | 永久館藏地 | 現在館藏地 | 書架位置 | 採購日期 | 全部借出 | 完整索書號 | 條碼號 | 最後一次日期記錄 | Date last checked out | 一般價格有效日期 | Koha館藏類型 | 公開資訊 |
|---|---|---|---|---|---|---|---|---|---|---|---|---|---|---|---|---|
| 未註銷館藏 | 未遺失 | 中文圖書分類法 | 未損毀 | 可外借 | 怡仁綜合醫院圖書館 | 怡仁綜合醫院圖書館 | 2026-02-02 | 2 | 068.33 | C03277 | 2026-03-23 | 2026-03-09 | 2026-02-02 | 一般圖書 | 面對「南迴四鄉」(太麻里、金峰、大武和達仁)的醫療困境, 「超人醫師」徐超斌醫師,看見了這份需要, 想讓在地鄉親,能有醫治病痛的醫生、照顧不適的護士, 更有能傾聽他們的心聲、在乎他們的健康的照護者。 因認同徐超斌醫師的這個夢想, 有一群人勇敢展開漫長的旅程, 歷經近15載,一步一腳印前進部落共建南迴未來醫療願景。 |